000 00542ntaaa2200193 4500
003 01
005 20251027200617.0
008 0714s1973 ag 01
040 _aAR-BaBN
_bspa
_cAR-BaBN
_eaacr
_dRIC
082 _a361.37 W28o
245 _aCasebook on work with the aging /
_cEdna Wasser,
250 _a1 ed.
260 _aNew York :
_bFamily Service Ass. of America,
_c1966
500 _aDiez trabajos sociales de casos con ancianos
650 _aServicio Social
650 _aVejez-Asistencia Social
700 _aWasser, Edna
942 _cBK
999 _c750
_d750